000 02059cam a2200349 i 4500
001 39482
003 BJBSDDR
005 20260309131253.0
007 ta
008 070611s2006 sp a 000 0 spa
020 _a8435026582
020 _a9788435026581
040 _bspa
_cBJBSDDR
041 0 _aspa
050 1 4 _a338 DK 32
_bF471b 2006
082 0 0 _a947
100 1 _aFiges, Orlando,
_d1959-
_93645
240 1 0 _aNatasha’s dance.
_lEspañol
245 1 3 _aEl baile de Natacha :
_buna historia cultural rusa /
_cOrlando Figes ; traducción de Eduardo Hojman.
260 _aBarcelona :
_bEdhasa,
_c2006
300 _a828 páginas, [8] páginas de láminas :
_bilustraciones, mapas ;
_c24 cm.
490 1 _aEnsayo edhasa
500 _aTraducido de: Natasha’s dance : a cultural history of Russia
520 _aOrlando Figes analiza con detenimiento el panorama cultural entre finales del siglo XIX y las vanguardias para centrarse específicamente en las relaciones entre la alta cultura, notablemente influenciada por las costumbres, el arte y la literatura franceses, y el folklore tradicional. Mediante el análisis del diálogo entre un ámbito y otro en el campo de la música, la pintura, la literatura, etc., Figes explora qué es lo esencialmente ruso y cómo se crea la conciencia de la identidad cultural rusa, algo realmente complejo tratándose de un país tan enorme, complejo y heterogéneo. El profundísimo conocimiento de la sociedad y la historia ruda de la que el autor hacía gala en "La Revolución Rusa", vuelve a brillar aquí en un ensayo en el que la peicia, la habilidad y el talento narrativo alcanzan cotas de calidad y solidez realmente raras tanto en el campo de los estudios de historia como en los de historia del arte.
650 4 _aCivilización
_zRusia
_9144
651 0 _aRussia
_xCivilization.
651 4 _aRusia
_xCivilización
_92664
651 4 _aRusia
_xVida intelectual
_947402
700 1 _aHojman, Eduardo,
_d1964-
_etraductor
_95835
830 0 _aEnsayo (Edhasa)
_947401
942 _2lcc
_cBK
999 _c26062
_d26062